| 000 | 02429nam a2200409 i 4500 | ||
|---|---|---|---|
| 003 | DO-SdBNP | ||
| 005 | 20260605102703.0 | ||
| 007 | ta | ||
| 008 | 110413s2023 dr aco 000 0 spa d | ||
| 020 | _a9789945183610 | ||
| 040 |
_aDO-SdBNP _bspa _cBNPHU _erda |
||
| 082 | 4 |
_a972.9382 _bC117r _222 |
|
| 100 | 1 |
_aCabrera Vásquez, Enrique Alberto _d1951- _eautor _975095 _4aut. |
|
| 245 | 1 | 3 |
_aEl rey del momise, Los Guloyas y los Cocolos en la industria azucarera de San Pedro de Macorís / _cEnrique Cabrera Vásquez ; prólogo Dagoberto Tejeda Ortiz ; prefacio Julio César Mota Acosta |
| 250 | _aSegunda edición corregida y ampliada | ||
| 264 | 1 |
_aSanto Domingo, República Dominicana : _bEditora Amigo del Hogar, _c2023. |
|
| 300 |
_a509 páginas : _bilustraciones, retratos, fotografías ; _c23 cm. |
||
| 336 |
_atexto _btxt _2rdacontent |
||
| 337 |
_asin mediación _bn _2rdamedia |
||
| 338 |
_avolumen _bnc _2rdacarrier |
||
| 500 | _aIncluye datos biográficos del autor en la solapas | ||
| 500 | _aIncluye referencias bibliográficas y notas al pie de las páginas | ||
| 500 | _aAnálisis de un momento histórico determinante en el desarrollo de San Pedro de Macorís y la región oriental de la República Dominicana. El libro destaca la explotación de los trabajadores inmigrantes de las islas inglesas como expresión representativa del Caribe en relación con el crecimiento del capitalismo y la expansión del imperialismo y el patrimonio cultural religioso en la región a finales del siglo XIX y principios del XX. | ||
| 504 | _aBibliografía: páginas, 499-509 | ||
| 590 | _aInventariado, 2023/ YL | ||
| 600 | 1 | 0 |
_aChiverton, Theophilus. _989829 |
| 650 | 7 |
_aInmigrantes _zRepública Dominicana _z San Pedro de Macorís _xHistoria _989830 |
|
| 650 | 7 |
_aCultura popular _zRepública Dominicana _zSan Pedro de Macorís _xHistoria _989831 |
|
| 650 | 7 |
_aDanza _zRepública Dominicana _zSan Pedro de Macorís _xHistoria _989832 |
|
| 650 | 7 |
_aMúsica _zRepública Dominicana _zSan Pedro de Macorís _989833 |
|
| 651 | 7 |
_aSan Pedro de Macorís (República Dominicana) _xVida social y costumbres _989834 |
|
| 651 | 7 |
_aSan Pedro de Macorís (República Dominicana) _xCivilización _xInfluencias africanas _989835 |
|
| 700 | 1 |
_aTejeda Ortiz, Dagoberto _eprologuista _4pr. _983629 |
|
| 700 | 1 |
_aMota Acosta, Julio César _eprefacio _945346 _4pr. |
|
| 910 | _aYLockward/Validado. Control de calidad MFF | ||
| 942 |
_2ddc _cLBS1 |
||
| 999 |
_c54803 _d54803 |
||